000 00614nam a2200193 i 4500
001 141399
003 ES-MaACL
007 t|
008 070921s1981 sp ||||1| spa d
100 1 _aVizcaíno Casas, Fernando.
_9115612
245 1 1 _a¡Viva Franco!
_b: (con perdón) /
_cFernando Vizcaíno Casas.
250 _a8ª ed.
260 _aBarcelona :
_bPlaneta,
_c1981.
300 _a244 p. :
_bil. ;
_c24 cm.
490 1 _aEspejo de España. Serie La historia viva ;
_v63
830 0 _aEspejo de España.
_aLa historia viva
_v63
_9225203
852 _aES-MaACL
_jL-6503
_bR.107360
999 _c141399
_d141399